[Event "Aberto Brasil - II Niterói Chess Open "]
[Site "Salão de Convenções do Hot"]
[Date "2022.09.04"]
[Round "6.11"]
[White "Zacarias, Rodrigo Medeiros"]
[Black "Terao, Juliana Sayumi"]
[Result "1/2-1/2"]
[WhiteElo "2095"]
[BlackElo "2240"]
[PlyCount "117"]
[EventDate "2022.09.01"]
[EventRounds "9"]
[EventCountry "BRA"]

1. e4 e5 2. Nf3 Nc6 3. Bb5 a6 4. Ba4 Nf6 5. d3 d6 6. O-O b5 7. Bb3 Be7 8. Nc3
Na5 9. Bg5 c6 10. Qe2 h6 11. Bd2 O-O 12. Nd1 Nxb3 13. axb3 Be6 14. h3 Re8 15.
Ne1 Bf8 16. f4 exf4 17. Bxf4 c5 18. Qf2 d5 19. e5 Nd7 20. Nf3 f6 21. exf6 Qxf6
22. Qg3 d4 23. Nf2 g5 24. Bd2 Bg7 25. Ne4 Qg6 26. Nd6 Rf8 27. Rae1 Bd5 28. Ne4
Rae8 29. Qd6 Qxd6 30. Nxd6 Rxe1 31. Nxe1 Rxf1+ 32. Kxf1 Ne5 33. Nf5 Bf6 34. Ke2
Kf7 35. Ng3 Ke6 36. Kf2 Be7 37. Ne2 b4 38. Nf3 Ng6 39. Ng3 Bd6 40. Ne4 Be7 41.
Ng3 Nf8 42. Bc1 Bd6 43. Ne2 Nd7 44. Ng3 Nf6 45. Ne2 a5 46. g4 Bc6 47. Ng3 Bxg3+
48. Kxg3 a4 49. bxa4 Bxa4 50. b3 Bc6 51. h4 gxh4+ 52. Nxh4 h5 53. gxh5 Nxh5+
54. Kg4 Nf6+ 55. Kg3 Nd5 56. Kf2 Nc7 57. Ng6 Be8 58. Nf4+ Ke5 59. Ne2 1/2-1/2

[Event "Aberto Brasil - II Niterói Chess Open "]
[Site "Salão de Convenções do Hot"]
[Date "2022.09.04"]
[Round "6.12"]
[White "Da Matta, Eduardo Cesar"]
[Black "Viana, Dirceu"]
[Result "0-1"]
[WhiteElo "2038"]
[BlackElo "2190"]
[PlyCount "72"]
[EventDate "2022.09.01"]
[EventRounds "9"]
[EventCountry "BRA"]

1. d4 e6 2. c4 Bb4+ 3. Nc3 f5 4. Nf3 Nf6 5. a3 Bxc3+ 6. bxc3 O-O 7. g3 d6 8.
Bg2 Nc6 9. Qb3 Kh8 10. O-O e5 11. c5 e4 12. Ng5 d5 13. f3 Na5 14. Qa2 h6 15.
Nh3 b6 16. Nf4 Kh7 17. fxe4 dxe4 18. Ne6 Bxe6 19. Qxe6 g6 20. Qa2 Qd5 21. Bf4
Qxa2 22. Rxa2 Nd5 23. Rc2 Nc4 24. Ra2 Nxf4 25. Rxf4 h5 26. h3 Kh6 27. cxb6 axb6
28. a4 Rfd8 29. Rf1 Ra5 30. Kf2 Rda8 31. Raa1 b5 32. Rfb1 Rxa4 33. Rxa4 bxa4
34. Ke1 a3 35. g4 a2 36. Ra1 Ne3 0-1

[Event "Aberto Brasil - II Niterói Chess Open "]
[Site "Salão de Convenções do Hot"]
[Date "2022.09.04"]
[Round "6.13"]
[White "Okamura, Milton Kasuo"]
[Black "Guimaraes, Wagner Peixoto"]
[Result "0-1"]
[WhiteElo "1960"]
[BlackElo "2188"]
[PlyCount "64"]
[EventDate "2022.09.01"]
[EventRounds "9"]
[EventCountry "BRA"]

1. d4 e6 2. c4 Nf6 3. Nc3 Bb4 4. e3 c5 5. Nge2 O-O 6. a3 Bxc3+ 7. Nxc3 cxd4 8.
exd4 d5 9. Be2 dxc4 10. Bxc4 Nc6 11. Be3 a6 12. O-O Qd6 13. f3 Rd8 14. Ne2 b5
15. Ba2 Bb7 16. Qe1 Nd5 17. Bg5 f6 18. Bc1 Kh8 19. Qh4 Nde7 20. Bb1 Nf5 21.
Bxf5 exf5 22. Rd1 Qe6 23. Qf2 Qc4 24. Bf4 Re8 25. Rd2 Na5 26. Rc1 Qe6 27. Nc3
Qb3 28. h4 Nc4 29. Rdc2 Rad8 30. Nd1 Qd3 31. a4 Qxd4 32. Bg3 Re1+ 0-1

[Event "Aberto Brasil - II Niterói Chess Open "]
[Site "Salão de Convenções do Hot"]
[Date "2022.09.04"]
[Round "6.14"]
[White "Loureiro, Luiz Vasconcellos"]
[Black "Silva, Caio Henrique Angel"]
[Result "1-0"]
[WhiteElo "2334"]
[BlackElo "1959"]
[PlyCount "77"]
[EventDate "2022.09.01"]
[EventRounds "9"]
[EventCountry "BRA"]

1. d4 Nf6 2. c4 e6 3. Nc3 Bb4 4. e3 O-O 5. Bd3 d5 6. cxd5 exd5 7. Nge2 Re8 8.
Bd2 c6 9. Rc1 a5 10. Qc2 b5 11. O-O Bd6 12. f3 b4 13. Na4 Ba6 14. Nc5 Bxc5 15.
dxc5 Nbd7 16. Bxa6 Rxa6 17. Nd4 Ne5 18. b3 g6 19. Be1 Qd7 20. h3 Qb7 21. Bh4
Ned7 22. Rfe1 Qc7 23. g4 a4 24. Re2 axb3 25. axb3 h5 26. Kg2 Kg7 27. Qd2 hxg4
28. hxg4 Rh8 29. Bg3 Qa5 30. e4 dxe4 31. fxe4 Nxc5 32. Nf5+ Kg8 33. Ne7+ Kg7
34. Be5 Ncd7 35. Bb2 Kf8 36. Qd6 Qg5 37. Nxg6+ Kg7 38. Nxh8 Kxh8 39. Qxd7 1-0

[Event "Aberto Brasil - II Niterói Chess Open "]
[Site "Salão de Convenções do Hot"]
[Date "2022.09.04"]
[Round "6.15"]
[White "Lopes, Artur Farias"]
[Black "Languidey, Simon Alejandro"]
[Result "0-1"]
[WhiteElo "2037"]
[BlackElo "2415"]
[PlyCount "66"]
[EventDate "2022.09.01"]
[EventRounds "9"]
[EventCountry "BRA"]

1. Nf3 Nf6 2. d4 e6 3. c4 b6 4. g3 Ba6 5. b3 Bb4+ 6. Bd2 Be7 7. Bg2 d5 8. Qc2
O-O 9. O-O Bb7 10. cxd5 exd5 11. Bf4 Na6 12. a3 c6 13. Nbd2 Nc7 14. Bxc7 Qxc7
15. b4 Rfe8 16. b5 c5 17. dxc5 bxc5 18. e3 a6 19. a4 axb5 20. axb5 Qb6 21. Rxa8
Rxa8 22. Rb1 Rc8 23. Ne5 g6 24. Qb2 c4 25. Qc3 Rc5 26. e4 Qe6 27. exd5 Nxd5 28.
Qa1 c3 29. Ndf3 c2 30. Re1 Nb4 31. Qa3 Bxf3 32. Nxf3 Qxe1+ 33. Nxe1 c1=Q 0-1

[Event "Aberto Brasil - II Niterói Chess Open "]
[Site "Salão de Convenções do Hot"]
[Date "2022.09.04"]
[Round "6.16"]
[White "Dianda, Joao Carlos"]
[Black "Limp, Eduardo Thelio"]
[Result "1-0"]
[WhiteElo "2000"]
[BlackElo "2298"]
[PlyCount "33"]
[EventDate "2022.09.01"]
[EventRounds "9"]
[EventCountry "BRA"]

1. d4 Nf6 2. c4 g6 3. Nc3 Bg7 4. e4 d6 5. h3 O-O 6. Bg5 c5 7. d5 e6 8. Bd3 exd5
9. cxd5 a6 10. a4 Nbd7 11. Nf3 Qc7 12. O-O Re8 13. Qd2 c4 14. Bc2 Nc5 15. Rfe1
Nfd7 16. Bh6 Bxh6 17. Qxh6 1-0

[Event "Aberto Brasil - II Niterói Chess Open "]
[Site "Salão de Convenções do Hot"]
[Date "2022.09.04"]
[Round "6.18"]
[White "Marra, Eduardo Da Costa"]
[Black "Dias, Simao Poscidonio"]
[Result "1-0"]
[WhiteElo "2256"]
[BlackElo "2060"]
[PlyCount "123"]
[EventDate "2022.09.01"]
[EventRounds "9"]
[EventCountry "BRA"]

1. e4 c5 2. Nf3 g6 3. c3 Bg7 4. d4 cxd4 5. cxd4 d5 6. e5 Bg4 7. Nbd2 Qb6 8. h3
Bxf3 9. Nxf3 Nc6 10. Bd3 Nh6 11. O-O O-O 12. Bc2 f6 13. Be3 Nf7 14. Rb1 Rad8
15. exf6 Bxf6 16. h4 Nb4 17. Bb3 Nc6 18. Re1 Na5 19. Bc2 Nc4 20. Bf4 e5 21. b3
Na3 22. dxe5 Nxe5 23. Bxe5 Bxe5 24. Rxe5 Nxb1 25. Bxb1 Qd6 26. Qe2 Rc8 27. Qe1
Qa3 28. Rxd5 Rfe8 29. Re5 Rxe5 30. Qxe5 Rc1+ 31. Kh2 Rxb1 32. Qe6+ Kg7 33. Qe5+
Kg8 34. Ng5 Qf8 35. Qe6+ Kh8 36. Qe5+ Kg8 37. Qd5+ Kh8 38. Ne6 Qe7 39. Qd4+ Kg8
40. Ng5 Re1 41. Qd5+ Kg7 42. f4 h6 43. Nf3 Re6 44. Kg3 Rd6 45. Qc5 b6 46. Qc3+
Kh7 47. Ne5 Rf6 48. Qd3 Rf5 49. h5 Rxe5 50. Qxg6+ Kh8 51. Qxh6+ Kg8 52. Qg6+
Kh8 53. fxe5 Qxe5+ 54. Kf3 Qc3+ 55. Kf4 Qd2+ 56. Kf5 Qxa2 57. h6 Qc2+ 58. Kf6
Qxg6+ 59. Kxg6 a5 60. g4 b5 61. Kf7 b4 62. g5 1-0

[Event "Aberto Brasil - II Niterói Chess Open "]
[Site "Salão de Convenções do Hot"]
[Date "2022.09.04"]
[Round "6.19"]
[White "Ferreira, Marcone Fiuza"]
[Black "Mesias Rojas, Rabindranath"]
[Result "0-1"]
[WhiteElo "1991"]
[BlackElo "2227"]
[PlyCount "106"]
[EventDate "2022.09.01"]
[EventRounds "9"]
[EventCountry "BRA"]

1. e4 c5 2. Nf3 g6 3. d4 cxd4 4. Qxd4 Nf6 5. Nc3 Nc6 6. Qa4 d6 7. e5 dxe5 8.
Nxe5 Qd4 9. Nxc6 Qxa4 10. Nxa4 bxc6 11. Be3 Nd5 12. Bc5 Bg7 13. O-O-O O-O 14.
Bc4 Be6 15. Rhe1 Rfb8 16. Bb3 Nb6 17. Bd4 Nxa4 18. Bxa4 Bxd4 19. Rxd4 c5 20.
Rd2 Rd8 21. Red1 Rxd2 22. Rxd2 Kg7 23. Rd3 Rb8 24. Rc3 Rc8 25. Bb3 c4 26. Ba4
f5 27. Kd2 Kf6 28. Ra3 Bd5 29. f3 e5 30. Bb5 Rc7 31. Kc3 Kg5 32. Ra6 Kf4 33.
Rd6 Bf7 34. a4 Ke3 35. a5 Kf2 36. Rd2+ Ke1 37. a6 e4 38. fxe4 fxe4 39. Rd6 e3
40. Bc6 e2 41. Bf3 Kf1 42. Bxe2+ Kxe2 43. Rf6 Bd5 44. g3 Ke3 45. Rd6 Ke4 46.
Rd8 Ke5 47. Re8+ Be6 48. Kb4 Kd6 49. Rd8+ Kc6 50. Ka5 Rc8 51. Rd4 Rb8 52. b4
cxb3 53. cxb3 Bxb3 0-1

[Event "Aberto Brasil - II Niterói Chess Open "]
[Site "Salão de Convenções do Hot"]
[Date "2022.09.04"]
[Round "6.20"]
[White "Costa, Carlos Evanir"]
[Black "De Carvalho, Vitor Augusto Ponci"]
[Result "1/2-1/2"]
[WhiteElo "2224"]
[BlackElo "2058"]
[PlyCount "68"]
[EventDate "2022.09.01"]
[EventRounds "9"]
[EventCountry "BRA"]

1. d4 Nf6 2. Nf3 g6 3. c4 Bg7 4. Nc3 d5 5. Qb3 dxc4 6. Qxc4 O-O 7. e4 a6 8. e5
b5 9. Qb3 Nfd7 10. e6 fxe6 11. Qxe6+ Kh8 12. Qe4 Nb6 13. Qh4 Nc6 14. Ng5 h6 15.
Bd3 Qxd4 16. Be4 Qf6 17. Nf3 Kg8 18. Bxh6 Bf5 19. Bg5 Qe6 20. O-O Bxc3 21. Bxc6
Bxb2 22. Bxa8 Bxa1 23. Rxa1 Rxa8 24. Re1 Qc4 25. Qh6 Qc3 26. Rxe7 Qh8 27. Rxc7
Nd5 28. Qxh8+ Kxh8 29. Rc5 Nb4 30. a3 Nc2 31. Bf6+ Kg8 32. Rc7 Nxa3 33. Ne5 Nc4
34. Nxc4 bxc4 1/2-1/2

[Event "Aberto Brasil - II Niterói Chess Open "]
[Site "Salão de Convenções do Hot"]
[Date "2022.09.04"]
[Round "6.21"]
[White "Silva, Kaua Marques"]
[Black "Araujo, Renan Aparecido"]
[Result "1-0"]
[WhiteElo "2199"]
[BlackElo "2031"]
[PlyCount "58"]
[EventDate "2022.09.01"]
[EventRounds "9"]
[EventCountry "BRA"]

1. e4 c5 2. Nf3 d6 3. d4 cxd4 4. Nxd4 Nf6 5. Nc3 g6 6. Be2 Bg7 7. O-O O-O 8.
Re1 Nc6 9. Nb3 Bd7 10. Bf1 Na5 11. Nd5 Nxb3 12. axb3 Bc6 13. Bg5 e6 14. Nc3 h6
15. Bh4 g5 16. Bg3 d5 17. e5 Nd7 18. Qg4 Re8 19. Qh3 f5 20. exf6 Qxf6 21. Nb5
Qg6 22. Bd3 Qf7 23. Nd6 Qf6 24. Nxe8 Rxe8 25. b4 a6 26. Qh5 Rf8 27. c3 Qf7 28.
Qg6 Nb6 29. Qxf7+ Kxf7 1-0

[Event "Aberto Brasil - II Niterói Chess Open "]
[Site "Salão de Convenções do Hot"]
[Date "2022.09.04"]
[Round "6.22"]
[White "Rangel, Daniel"]
[Black "Souza Dos Santos, Matheus Garcett"]
[Result "1-0"]
[WhiteElo "2193"]
[BlackElo "1988"]
[PlyCount "65"]
[EventDate "2022.09.01"]
[EventRounds "9"]
[EventCountry "BRA"]

1. d4 Nf6 2. c4 g6 3. Nc3 Bg7 4. Nf3 d6 5. g3 O-O 6. Bg2 Nbd7 7. O-O e5 8. e4
exd4 9. Nxd4 a6 10. h3 Rb8 11. a4 a5 12. Ndb5 Nc5 13. Be3 Be6 14. e5 Nfd7 15.
exd6 c6 16. Na3 Qb6 17. Ne4 Qb4 18. Nc2 Qxc4 19. Nxc5 Nxc5 20. Nd4 Qb4 21. Rc1
Bb3 22. Nxb3 Nxb3 23. Rc2 Rbd8 24. Bf4 Nd4 25. Rd2 Rfe8 26. h4 Rd7 27. Re1 Ne6
28. Bh3 Bxb2 29. Bxe6 Rxe6 30. Rxe6 fxe6 31. Qe2 Bf6 32. Qxe6+ Rf7 33. Bh6 1-0

[Event "Aberto Brasil - II Niterói Chess Open "]
[Site "Salão de Convenções do Hot"]
[Date "2022.09.04"]
[Round "6.23"]
[White "Cantarino Neto, Mario Ribeiro"]
[Black "Federzoni, Enzo"]
[Result "1/2-1/2"]
[WhiteElo "1973"]
[BlackElo "2158"]
[PlyCount "143"]
[EventDate "2022.09.01"]
[EventRounds "9"]
[EventCountry "BRA"]

1. d4 Nf6 2. c4 e6 3. Nf3 b6 4. g3 Ba6 5. b3 Bb4+ 6. Bd2 Be7 7. Bc3 d5 8. Nbd2
O-O 9. Bg2 Nbd7 10. O-O Rc8 11. Rc1 Ba3 12. Rc2 c5 13. Ba1 Qe7 14. Nb1 cxd4 15.
Nxa3 Qxa3 16. Qxd4 dxc4 17. bxc4 Qc5 18. Rfc1 Rfd8 19. Qf4 Bb7 20. Ne5 Bxg2 21.
Kxg2 Nxe5 22. Qxe5 Qxe5 23. Bxe5 Ne4 24. Bf4 f6 25. f3 Nc5 26. h4 e5 27. Be3
Kf7 28. Kf2 Ke7 29. Bxc5+ Rxc5 30. Ke1 h5 31. Rc3 Ke6 32. e4 g5 33. Ke2 gxh4
34. gxh4 Rg8 35. Kf2 f5 36. exf5+ Kxf5 37. Ra3 Rg7 38. Rcc3 Rgc7 39. Ke3 b5 40.
Ra5 Rxc4 41. Rd3 Rxh4 42. Rda3 Rhc4 43. Rxa7 Rc3+ 44. Kf2 Kf4 45. Rxc3 Rxa7 46.
a3 Rd7 47. Ke2 h4 48. Rc8 h3 49. Rh8 Kg3 50. Rg8+ Kh2 51. Rg5 Re7 52. Kf2 Re6
53. Rh5 e4 54. fxe4 Rxe4 55. Rxb5 Rg4 56. Rh5 Rg8 57. Rf5 Rg2+ 58. Kf1 Kh1 59.
Rh5 Rg3 60. a4 h2 61. a5 Rf3+ 62. Ke2 Rf8 63. Rg5 Rf6 64. Ke1 Rf4 65. a6 Ra4
66. Rg6 Ra1+ 67. Kf2 Rg1 68. Rh6 Rg7 69. Rf6 Rg2+ 70. Kf1 Rg1+ 71. Kf2 Rf1+ 72.
Kxf1 1/2-1/2

[Event "Aberto Brasil - II Niterói Chess Open "]
[Site "Salão de Convenções do Hot"]
[Date "2022.09.04"]
[Round "6.24"]
[White "Ribeiro, Matheus Mendes Domi"]
[Black "Silva, Luiz Renato Marini"]
[Result "1-0"]
[WhiteElo "2142"]
[BlackElo "1965"]
[PlyCount "68"]
[EventDate "2022.09.01"]
[EventRounds "9"]
[EventCountry "BRA"]

1. c4 e6 2. Nf3 d5 3. e3 Nf6 4. Nc3 c6 5. b3 g6 6. Bb2 Bg7 7. d4 O-O 8. Bd3
Nbd7 9. O-O Re8 10. Qe2 e5 11. dxe5 Nxe5 12. Nxe5 Rxe5 13. cxd5 cxd5 14. Nb5
Re7 15. h3 a6 16. Nd4 Ne4 17. Rac1 Rc7 18. Rxc7 Qxc7 19. Rc1 Qd6 20. Qc2 Bf5
21. Nxf5 gxf5 22. Bxg7 Kxg7 23. f3 Ng3 24. Bxf5 Qe5 25. e4 Qd4+ 26. Kh2 Qe5 27.
Qc7 Qxc7 28. Rxc7 Nxf5 29. exf5 Rd8 30. Kg3 d4 31. Kf2 d3 32. Ke1 Re8+ 33. Kd2
Re5 34. Kxd3 Rxf5 1-0

[Event "Aberto Brasil - II Niterói Chess Open "]
[Site "Salão de Convenções do Hot"]
[Date "2022.09.04"]
[Round "6.25"]
[White "De Souza, Felipe Guimaraes"]
[Black "Nemeth Junior, Henrique"]
[Result "0-1"]
[WhiteElo "1893"]
[BlackElo "2137"]
[PlyCount "54"]
[EventDate "2022.09.01"]
[EventRounds "9"]
[EventCountry "BRA"]

1. d4 Nf6 2. c4 e6 3. Nf3 b6 4. g3 Ba6 5. b3 Bb4+ 6. Bd2 Be7 7. Bg2 c6 8. Bc3
d5 9. Ne5 Nfd7 10. Nxd7 Nxd7 11. Nd2 f5 12. O-O O-O 13. Bb2 Rf6 14. f3 Rh6 15.
e4 Qe8 16. Rf2 Qh5 17. Bf1 Bd6 18. e5 Nxe5 19. dxe5 Bc5 20. h3 Rg6 21. Qe1 Qh4
22. g4 fxg4 23. hxg4 Rxg4+ 24. Bg2 Rg6 25. b4 Bxb4 26. cxd5 cxd5 27. Rc1 Rh6
0-1

[Event "Aberto Brasil - II Niterói Chess Open "]
[Site "Salão de Convenções do Hot"]
[Date "2022.09.04"]
[Round "6.26"]
[White "Lage, Pedro Ferreira"]
[Black "Segato, Pedro Henrique Pedr"]
[Result "1/2-1/2"]
[WhiteElo "2120"]
[BlackElo "1947"]
[PlyCount "44"]
[EventDate "2022.09.01"]
[EventRounds "9"]
[EventCountry "BRA"]

1. Nf3 Nf6 2. c4 e6 3. g3 d5 4. d4 Bb4+ 5. Nbd2 O-O 6. Bg2 b6 7. O-O Bb7 8. Ne5
Nbd7 9. cxd5 exd5 10. Ndf3 Bd6 11. Bg5 Qe8 12. Nxd7 Nxd7 13. Qd2 Qe6 14. Bf4 h6
15. Bxd6 Qxd6 16. Rac1 c5 17. Rfd1 c4 18. Qf4 Qxf4 19. gxf4 b5 20. Ne5 Nb6 21.
Bh3 Bc8 22. Bg2 Bb7 1/2-1/2

[Event "Aberto Brasil - II Niterói Chess Open "]
[Site "Salão de Convenções do Hot"]
[Date "2022.09.04"]
[Round "6.27"]
[White "Da Costa, Loyson Rodrigues"]
[Black "Filgueiras, Nathan Felipe"]
[Result "0-1"]
[WhiteElo "1891"]
[BlackElo "2358"]
[PlyCount "66"]
[EventDate "2022.09.01"]
[EventRounds "9"]
[EventCountry "BRA"]

1. d4 Nf6 2. c4 e6 3. Nc3 Bb4 4. Qc2 O-O 5. e4 d5 6. e5 Ne4 7. Bd3 c5 8. a3
Bxc3+ 9. bxc3 cxd4 10. cxd4 Nc6 11. Ne2 Qa5+ 12. Bd2 Nxd2 13. Qxd2 dxc4 14.
Bxc4 Rd8 15. Qxa5 Nxa5 16. Ba2 b6 17. O-O Ba6 18. Rfe1 Bxe2 19. Rxe2 Rxd4 20.
g3 Nb7 21. Rc1 Nc5 22. Rc3 Rad8 23. Kg2 Kf8 24. Bc4 Ke7 25. h4 R8d7 26. f4 Rd1
27. Bb3 R1d3 28. Re3 Rd2+ 29. Kf1 Rb2 30. Ke1 Rdd2 31. Bd1 Rh2 32. Re2 Rh1+ 33.
Kf2 Ne4+ 0-1

[Event "Aberto Brasil - II Niterói Chess Open "]
[Site "Salão de Convenções do Hot"]
[Date "2022.09.04"]
[Round "6.28"]
[White "Morais, Wagner Soares De"]
[Black "De Souza, Regis Gabetta"]
[Result "0-1"]
[WhiteElo "1845"]
[BlackElo "2245"]
[PlyCount "82"]
[EventDate "2022.09.01"]
[EventRounds "9"]
[EventCountry "BRA"]

1. d4 Nf6 2. Bf4 d5 3. e3 e6 4. Nd2 c5 5. c3 Nc6 6. Bd3 Bd6 7. Bxd6 Qxd6 8. f4
Bd7 9. a3 Ne7 10. Ngf3 Nf5 11. Qe2 O-O 12. Ne5 Bc6 13. Qf3 Nd7 14. g4 Ne7 15.
Qh3 f5 16. g5 cxd4 17. exd4 Nxe5 18. fxe5 Qd7 19. O-O-O a5 20. Rhg1 Bb5 21. Bb1
Rac8 22. Nf1 Bxf1 23. Rdxf1 b5 24. Rg3 b4 25. axb4 axb4 26. Bc2 Qa7 27. Kd2 Rb8
28. Rf4 Ng6 29. Rff3 Qa1 30. Rf1 Qxb2 31. Rb1 Qa2 32. cxb4 Qc4 33. Rc3 Qxd4+
34. Rd3 Qxe5 35. Ra3 Qd4+ 36. Kc1 Qg1+ 37. Bd1 Rfc8+ 38. Kd2 Qxg5+ 39. Ke1 Qg1+
40. Kd2 Qd4+ 41. Ke1 Qe4+ 0-1

[Event "Aberto Brasil - II Niterói Chess Open "]
[Site "Salão de Convenções do Hot"]
[Date "2022.09.04"]
[Round "6.29"]
[White "Gauche, Charles"]
[Black "Saraiva, Alexandre Pacheco"]
[Result "1-0"]
[WhiteElo "2219"]
[BlackElo "1882"]
[PlyCount "95"]
[EventDate "2022.09.01"]
[EventRounds "9"]
[EventCountry "BRA"]

1. e4 e6 2. d4 d5 3. Nc3 Bb4 4. e5 Ne7 5. a3 Bxc3+ 6. bxc3 c5 7. h4 Nbc6 8. h5
h6 9. Rh3 cxd4 10. cxd4 Bd7 11. c3 Rc8 12. Bd3 Na5 13. Ne2 Nc4 14. Rg3 Kf8 15.
Nf4 Qa5 16. Bc2 Nf5 17. Bxf5 exf5 18. Qf3 Be6 19. Kf1 Qd8 20. Rg6 Qd7 21. Nxe6+
fxe6 22. g4 Qf7 23. gxf5 Qxf5 24. Qxf5+ exf5 25. Ke2 Re8 26. Kf3 Kf7 27. Rb1 b6
28. Rb5 Rd8 29. e6+ Ke7 30. Rxg7+ Kxe6 31. Rg6+ Kf7 32. Bxh6 Nxa3 33. Rb3 Nc4
34. Kf4 Nd6 35. Bg5 Rd7 36. Rf6+ Kg7 37. h6+ Kh7 38. f3 Re8 39. Rb1 Re2 40. Kg3
Rc2 41. Bf4 Nc4 42. Re1 Rxc3 43. Re8 Na5 44. Rff8 Rc6 45. Rh8+ Kg6 46. Reg8+
Kf6 47. Be5+ Kf7 48. Rg7+ 1-0

[Event "Aberto Brasil - II Niterói Chess Open "]
[Site "Salão de Convenções do Hot"]
[Date "2022.09.04"]
[Round "6.30"]
[White "De Albuquerque, Pedro Henrique Corr"]
[Black "Luz, Arthur Nader"]
[Result "1-0"]
[WhiteElo "1835"]
[BlackElo "2199"]
[PlyCount "95"]
[EventDate "2022.09.01"]
[EventRounds "9"]
[EventCountry "BRA"]

1. e4 c5 2. Nf3 d6 3. d4 cxd4 4. Nxd4 Nf6 5. Nc3 g6 6. Be3 Bg7 7. Bc4 O-O 8.
Bb3 Nc6 9. f3 Bd7 10. Qd2 Na5 11. h4 h5 12. O-O-O Rc8 13. Kb1 Nc4 14. Bxc4 Rxc4
15. g4 Re8 16. e5 Nxg4 17. fxg4 Bxg4 18. e6 f5 19. Nce2 Kh7 20. Qd3 Ra4 21.
Rdg1 Qa5 22. Nc3 Rb4 23. Nb3 Qe5 24. a3 Re4 25. Bc1 Qxe6 26. Nxe4 fxe4 27. Qe3
Rf8 28. Rf1 Rf3 29. Rxf3 Bxf3 30. Rf1 Qf6 31. Nd2 Qd4 32. Nxf3 Qxe3 33. Bxe3
exf3 34. Bxa7 Bf6 35. Bf2 g5 36. hxg5 Bxg5 37. Bg3 h4 38. Rxf3 hxg3 39. Rxg3
Kg6 40. c4 Kf5 41. Kc2 e5 42. Rb3 Ke4 43. Rxb7 Kd4 44. a4 e4 45. c5 e3 46. Kd1
Kd3 47. Rb3+ Kc4 48. Rc3+ 1-0

[Event "Aberto Brasil - II Niterói Chess Open "]
[Site "Salão de Convenções do Hot"]
[Date "2022.09.04"]
[Round "6.31"]
[White "Freitas, Andre Henrique Lemo"]
[Black "Dos Santos, Fabricio Ferreira"]
[Result "1-0"]
[WhiteElo "2184"]
[BlackElo "1882"]
[PlyCount "73"]
[EventDate "2022.09.01"]
[EventRounds "9"]
[EventCountry "BRA"]

1. d4 d5 2. Nf3 e6 3. c4 c5 4. g3 Nf6 5. cxd5 exd5 6. Bg2 Nc6 7. O-O Be7 8. Nc3
O-O 9. dxc5 Bxc5 10. a3 h6 11. b4 Bb6 12. Na4 Be6 13. Bb2 Ne4 14. Nxb6 Qxb6 15.
Nd4 Nd6 16. Nxc6 bxc6 17. Bd4 Qa6 18. Qd2 Rfe8 19. Bf3 Bf5 20. Qf4 Rad8 21. h4
Be4 22. Bh5 Bg6 23. Bf3 Be4 24. Rfe1 Nb5 25. Bb2 Qb6 26. Qg4 Nd4 27. Rad1 Bxf3
28. exf3 Rxe1+ 29. Rxe1 c5 30. Kg2 a5 31. Bc3 axb4 32. axb4 h5 33. Qg5 f6 34.
Qxh5 cxb4 35. Re7 Ne6 36. Qf7+ Kh7 37. Rxe6 1-0

[Event "Aberto Brasil - II Niterói Chess Open "]
[Site "Salão de Convenções do Hot"]
[Date "2022.09.04"]
[Round "6.32"]
[White "Lima, Kleyton Alcantara"]
[Black "Cruz, Natan Gomes"]
[Result "1-0"]
[WhiteElo "2107"]
[BlackElo "1881"]
[PlyCount "123"]
[EventDate "2022.09.01"]
[EventRounds "9"]
[EventCountry "BRA"]

1. e4 e6 2. d4 d5 3. Nd2 Nf6 4. e5 Nfd7 5. Bd3 c5 6. c3 Qb6 7. Ne2 Nc6 8. Nf3
h6 9. O-O cxd4 10. cxd4 Be7 11. Bc2 Nf8 12. a3 Bd7 13. b4 a6 14. Nc3 Na7 15.
Be3 Rc8 16. Bd2 Bb5 17. Re1 Nd7 18. Rb1 O-O 19. a4 Bc4 20. a5 Qc6 21. Na4 Be2
22. Qxe2 Qxc2 23. Nc3 Nc6 24. Rec1 Qf5 25. b5 Nxa5 26. bxa6 bxa6 27. Nxd5 Rxc1+
28. Rxc1 Ba3 29. Ne3 Qe4 30. Ra1 Nb3 31. Rxa3 Nxd4 32. Nxd4 Qxd4 33. Bc3 Qc5
34. Qxa6 Nxe5 35. Qa5 Qxa5 36. Rxa5 Nd3 37. Ra3 Rc8 38. Kf1 e5 39. Nf5 Rc7 40.
g3 Kh7 41. Ke2 Rd7 42. Bd2 Nxf2 43. Bxh6 Ng4 44. Bxg7 Kg6 45. h3 Kxf5 46. hxg4+
Kxg4 47. Bxe5 Re7 48. Re3 f6 49. Bf4 Ra7 50. Kf2 Ra2+ 51. Re2 Ra3 52. Kg2 Rb3
53. Rf2 Rd3 54. Bc7 f5 55. Rf4+ Kg5 56. Kh3 Rd7 57. Rc4 Rh7+ 58. Kg2 Rd7 59.
Bf4+ Kg4 60. Be3+ Kh5 61. Kf3 Rd5 62. Rc6 1-0

[Event "Aberto Brasil - II Niterói Chess Open "]
[Site "Salão de Convenções do Hot"]
[Date "2022.09.04"]
[Round "6.33"]
[White "Almeida Junior, Alvaro Alves De"]
[Black "Martins de Aguiar, Marina"]
[Result "1-0"]
[WhiteElo "2044"]
[BlackElo "1874"]
[PlyCount "70"]
[EventDate "2022.09.01"]
[EventRounds "9"]
[EventCountry "BRA"]

1. e4 c5 2. Nf3 e6 3. d4 cxd4 4. Nxd4 Nf6 5. Nc3 Nc6 6. Bf4 d6 7. Ndb5 e5 8.
Bg5 a6 9. Na3 b5 10. Nd5 Be7 11. Bxf6 Bxf6 12. c3 Bg5 13. g3 O-O 14. h4 Bh6 15.
g4 Bf4 16. Nc2 Bb7 17. a4 bxa4 18. Rxa4 Ne7 19. Ncb4 Nxd5 20. Nxd5 Bxd5 21.
Qxd5 Qd7 22. Qd1 Qb7 23. Rb4 Qc7 24. Bc4 a5 25. Ra4 Rab8 26. b3 Ra8 27. Rh3 Qd7
28. Rd3 Qe7 29. g5 Qd7 30. Qf3 Qe7 31. Qg4 Qc7 32. Kf1 Ra7 33. Kg2 Kh8 34. Qf5
Raa8 35. Rd5 Qc5 {Ilegivel} 1-0

[Event "Aberto Brasil - II Niterói Chess Open "]
[Site "Salão de Convenções do Hot"]
[Date "2022.09.04"]
[Round "6.34"]
[White "Jenidarchiche, Douglas Rodrigo"]
[Black "Boff, Lucas Strauss"]
[Result "1/2-1/2"]
[WhiteElo "1826"]
[BlackElo "2043"]
[PlyCount "171"]
[EventDate "2022.09.01"]
[EventRounds "9"]
[EventCountry "BRA"]

1. d4 Nf6 2. c4 g6 3. Nc3 d5 4. Nf3 Bg7 5. e3 O-O 6. b4 a5 7. b5 c5 8. bxc6
Nxc6 9. Ba3 Re8 10. Rc1 Bg4 11. cxd5 Nxd5 12. Bc4 Be6 13. Ng5 Nxc3 14. Nxe6
Nxd1 15. Nxd8 Rexd8 16. Kxd1 e6 17. Ke2 Bf8 18. Bb2 Rab8 19. Rb1 b5 20. Bd3 Nb4
21. Be4 f5 22. Bf3 Rdc8 23. a3 Nd5 24. Rhc1 b4 25. Bxd5 exd5 26. axb4 Bxb4 27.
Bc3 Bxc3 28. Rxc3 a4 29. Rb4 Rxb4 30. Rxc8+ Kf7 31. Ra8 Ke6 32. Ra7 Kd6 33.
Rxh7 Kc6 34. Ra7 Kb5 35. Rb7+ Kc4 36. Rxb4+ Kxb4 37. Kd2 Kb3 38. Kc1 Kc3 39. g4
fxg4 40. Kb1 Kd3 41. Kb2 Ke4 42. Ka3 Kf3 43. Kxa4 Kxf2 44. e4 dxe4 45. d5 e3
46. d6 e2 47. d7 e1=Q 48. d8=Q Qe4+ 49. Kb5 Qf5+ 50. Ka6 Kg1 51. Qd6 Qf1+ 52.
Kb6 Qf2+ 53. Ka6 Qe2+ 54. Kb6 Qe3+ 55. Ka6 g5 56. Kb7 Kg2 57. Kc8 Qf4 58. Qh6
Qxh2 59. Qxg5 Qh8+ 60. Kd7 Qd4+ 61. Kc7 g3 62. Qg6 Kf3 63. Qh5+ Ke3 64. Qh3
Qf4+ 65. Kc8 Kf2 66. Qh7 Qc4+ 67. Kb7 g2 68. Qf5+ Kg3 69. Qe5+ Qf4 70. Qg7+ Kf2
71. Qb2+ Kf3 72. Qc3+ Ke2 73. Qb2+ Qd2 74. Qe5+ Kd1 75. Qa1+ Ke2 76. Qe5+ Qe3
77. Qb2+ Kf3 78. Qf6+ Kg4 79. Qg7+ Qg5 80. Qd4+ Kh5 81. Qh8+ Kg4 82. Qd4+ Qf4
83. Qg7+ Kf3 84. Qc3+ Kf2 85. Qb2+ Kf3 86. Qc3+ 1/2-1/2